| 000 | 01392cam a2200325 a 4500 | ||
|---|---|---|---|
| 001 | gospelthemesfour00town | ||
| 003 | CaSfIA | ||
| 005 | 20210118090622.0 | ||
| 007 | cr|||| | ||
| 008 | 870203s1987 ilua 000 0 eng | ||
| 010 | _a 87070312 | ||
| 040 |
_aDLC _cDLC _dBTCTA _dYDXCP _dOCLCG _dCaSfIA |
||
| 020 | _a1555138489 (pbk.) | ||
| 020 | _a9781555138486 (pbk.) | ||
| 035 | _a(OCoLC)18590254 | ||
| 050 | 0 |
_aBS2556 _b.T69 1987 |
|
| 082 | 0 |
_a226/.06 _219 |
|
| 100 | 1 |
_aTownsend, Jim, _d1943- |
|
| 245 | 1 | 0 |
_aGospel themes : _h[electronic resource] _bfour portraits of Christ's life / _cJim Townsend. |
| 260 |
_aElgin, Ill. : _bD.C. Cook Pub. Co., _cc1987. |
||
| 300 |
_a142 p. : _bill. ; _c21 cm. |
||
| 440 | 0 | _aBible mastery series | |
| 630 | 0 | 0 |
_aBible. _pN.T. _pGospels _xTextbooks. |
| 856 | 4 | 1 |
_uhttp://www.archive.org/details/gospelthemesfour00town _zFree eBook from the Internet Archive |
| 856 | 4 | 2 |
_uhttp://www.openlibrary.org/books/OL2412816M _zAdditional information and access via Open Library |
| 029 | 1 |
_aAU@ _b000027066895 |
|
| 942 | _cEB | ||
| 506 | _fНеобхідна авторизація на https://archive.org/ (створення облікового запису безкоштовно) | ||
| 506 | _fНеобхідна авторизація на https://openlibrary.org/ (створення облікового запису безкоштовно) | ||
| 999 |
_c502532 _d502532 |
||